| 000 | 00591nam a2200205Ia 4500 | ||
|---|---|---|---|
| 003 | OSt | ||
| 005 | 20250303142550.0 | ||
| 008 | 210210b1971 xxu||||| |||| 00| 0 eng d | ||
| 040 | _cAL | ||
| 041 | _ahin | ||
| 082 | _aH891.8 KOIT | ||
| 100 |
_aKOIRALA (Vishveshvar Prasad): _9203473 |
||
| 110 |
_bकोइराला विश्वेश्वर प्रसाद _9203474 |
||
| 245 |
_aTeen adhyay: _bतीन अध्याय |
||
| 260 |
_aDilli _bRadhakrashn Prakashan _c1971 |
||
| 300 | _a98 | ||
| 690 |
_aHindi Miscellaneous _9203475 |
||
| 906 | _a029899 | ||
| 942 |
_2ddc _cBK |
||
| 999 |
_c81097 _d81097 |
||